Lattice gauge theories and Monte Carlo simulations

Uloženo v:
Podrobná bibliografie
Médium: Kniha
Jazyk:Vietnamese
Vydáno: World Scientific 1983
Tagy: Přidat tag
Žádné tagy, Buďte první, kdo otaguje tento záznam!
Thư viện lưu trữ: Mạng thư viện Đại học Đà Nẵng
LEADER 00615nam a2200241 4500
001 000021579
003 18027
005 20150422100445.0
008 150422s1983 viesd
020 |c 00 
041 0 |a vie 
082 1 4 |a 530,143  |b LA-G 
245 1 0 |a Lattice gauge theories and Monte Carlo simulations  |c [edited by] Claudio Rebbi 
260 |b World Scientific  |c 1983 
300 |a tr.  |c cm. 
OWN |a LSP 
999 |a From the UDN01 
TYP |a Monograph 
TYP |a Printed language 
980 |a Mạng thư viện Đại học Đà Nẵng